000 00902nam a22003497a 4500
001 BR2013003485
003 BR-BrBNA
005 20230928104203.0
007 ta
008 230509b bl.||||| |||| 00| 0 por d
040 _aBR-BrBNA
_bpor
_cBiblioteca Nacional de Agricultura
041 _a(Por)
072 _aF30
_b0180
090 _ 0180 BR2013003485
100 1 _aBassoi, M.C.
100 1 _aRiede, C.R.
100 1 _aCampos, L.A.C.
100 1 _aFoloni, J.S.S.
110 1 _aEMBRAPA Londrina, PR (Brasil)
_93654
245 1 _aCultivares de trigo Embrapa e lapar
250 1 _a1. ed.
260 3 _aLondrina, PR (Brasil):
_c2013.
300 _a48 p.
500 _a19 illus.; 17 tables
650 _aVARIEDADE
650 _aTRIGO
650 _aSEMEADURA
650 _aFERTILIZANTE NITROGENADO
650 _aRENDIMENTO
909 _a202309
_bLucia
_c55
_dLucia Elande
942 _cBK
999 _c78581
_d78581